00404 a2200133 4500020001800000082000800018100002100026245001800047260004000065300001300105942001700118952012000135999001500255 a9665366362639 aYAS aYasma Aboobakuru aAlifaan Paree aMale MaldivesbNovelty printsc2016 a48p,21cm cJNiYAS6YAS 2ddc3Fast Cataloged Item94677aKFPLbKFPLd2025-08-10l1oYASpKL-2024-003940r2025-08-17 09:26:53s2025-08-10yJN c4426d4426